Organizace a management podnikového zpracování informací informační management 2

Enregistré dans:
Détails bibliographiques
Auteur principal: Sokolowsky, Peter
Format: Livre
Langue:tchèque
Publié: Praha Univerzita Karlova v Praze. Nakladatelství Karolinum 2002
Édition:[2. uprav. vyd.]
Collection:Učební texty Univerzity Karlovy v Praze
Sujets:
Tags: Ajouter un tag
Pas de tags, Soyez le premier à ajouter un tag!

MARC

LEADER 00000nam a2200000 4500
001 c143054
005 20221124094728.2
020 |a 80-246-0501-5 
041 0 |a cze 
044 |a CZ 
245 1 0 |a Organizace a management podnikového zpracování informací  |b informační management 2  |c Peter Sokolowsky 
250 |a [2. uprav. vyd.] 
264 1 |a Praha  |b Univerzita Karlova v Praze. Nakladatelství Karolinum  |c 2002 
300 |a 86 s. 
490 1 |a Učební texty Univerzity Karlovy v Praze 
830 0 |a Učební texty Univerzity Karlovy v Praze 
610 2 0 |a manažment informačný 
610 2 0 |a informácie 
610 2 0 |a riadenie 
610 2 0 |a podnik 
610 2 0 |a infraštruktúra informačná 
610 2 0 |a kontrola 
610 2 0 |a manažment personálny 
610 2 0 |a organizácia riadenia 
610 2 0 |a plánovanie 
100 1 |a Sokolowsky, Peter